000 00852nab a2200253 u 4500
001 16242
003 HDC
007 cr bn ---aaaaa
008 210220c20120920xx dr|noo 0 a eng d
040 _aHDC
100 _aPhillips, Jodie
_eauthor
_916114
245 0 _aUK: How Halal is a growing presence in Wales' food market / by
_cJodie Phillips
260 _a[No place] :
_b[publisher not identified],
_c2012
336 _atext
_2rdacontent
337 _acomputer
_2rdamedia
338 _aonline resource
_2rdacarrier
650 _aHalal market
_9582
650 _aRestaurants
_92152
710 _aHalal Focus
856 _zRequest full-text at [email protected]
942 _2lcc
942 _cNEWS
942 _kNWSO 006599
999 _c13558
_d13558